Movies Quiz

Random Movies or Actor Quiz
Score 0/28 Timer 06:00
4 Plays Today
Real Life People Actor % Correct
Harvey Milk & Joseph WilsonSean Penn
84.7%
Patch Adams & Adrian CronauerRobin Williams
84%
Oskar Schindler & Alfred KinseyLiam Neeson
78.4%
Truman Capote & Lester BangsPhilip Seymour Hoffman
75.4%
Butch Cassidy & Earl LongPaul Newman
68%
Idi Amin & Charlie ParkerForest Whitaker
63.8%
Larry Flynt & Lyndon B. JohnsonWoody Harrelson
62.6%
Bob Woodward & Denys Finch HattonRobert Redford
59.4%
Stephen Hawking & Lili ElbeEddie Redmayne
58.4%
Marie Antoinette & Marion DaviesKirsten Dunst
55.9%
Jackson Pollock & Gene KranzEd Harris
46.3%
Georg von Trapp & Leo TolstoyChristopher Plummer
46.1%
John Smith & Alexander the GreatColin Farrell
43.3%
Molly Brown & Gertrude SteinKathy Bates
41.3%
Real Life People Actor % Correct
Tony Mendez & George ReevesBen Affleck
36.1%
Mae Braddock & Beatrix PotterRenée Zellweger
35.6%
P.L. Travers & Gareth PeirceEmma Thompson
33.7%
Julie Powell & Amelia EarhartAmy Adams
33.3%
Zola Taylor & Dorothy DandridgeHalle Berry
30.2%
Ramesses II & King MongkutYul Brynner
26.4%
Jane Austen & Jean GrobergAnne Hathaway
23%
Dicky Eklund & John RolfeChristian Bale
22.9%
Eleanor of Aquitaine & Clara SchumannKatharine Hepburn
22.5%
Peter Sellers & David HelfgottGeoffrey Rush
22.1%
Sylvia Plath & Patsy JeffersonGwyneth Paltrow
21.3%
Lowell Bergman & Benjamin RuggieroAl Pacino
17%
Franklin D. Roosevelt & Howard CosellJon Voight
15%
Myra Gale Lewis & Susanna KaysenWinona Ryder
7.8%

You're not logged in!

Compare scores with friends on all Sporcle quizzes.
OR
Log In

Sporcle TV

Today on Sporcle TV


Watch our educational content, quiz creation guides, and fun videos on Sporcle TV.

Show Comments

Extras

Top Quizzes Today


Score Distribution

Paid Content

Your Account Isn't Verified!

In order to create a playlist on Sporcle, you need to verify the email address you used during registration. Go to your Sporcle Settings to finish the process.

Report this User

Report this user for behavior that violates our Community Guidelines.

Details: